|
|
|
|
| LEADER |
00000nam0a2200000 4500 |
| 001 |
206116 |
| 005 |
20231031190609.0 |
| 035 |
|
|
|a (RuTPU)RU\TPU\book\224672
|
| 090 |
|
|
|a 206116
|
| 100 |
|
|
|a 20111224d1990 km y0rusy50 ca
|
| 101 |
0 |
|
|a rus
|
| 102 |
|
|
|a RU
|
| 105 |
|
|
|a y z 000zy
|
| 200 |
1 |
|
|a Состав семьи, доходы и жилищные условия семей рабочих, служащих и колхозников
|e сборник материалов единовременного выборочного обследования 310 тысяч семей рабочих, служащих и колхозников за март 1989 года
|f СССР, Государственный комитет по статистике (Госкомстат СССР)
|
| 210 |
|
|
|a Москва
|c Госкомстат
|d 1990
|
| 215 |
|
|
|a 514 с.
|
| 610 |
1 |
|
|a семья
|
| 610 |
1 |
|
|a состав
|
| 610 |
1 |
|
|a рабочие
|
| 610 |
1 |
|
|a служащие
|
| 610 |
1 |
|
|a колхозники
|
| 610 |
1 |
|
|a доходы
|
| 610 |
1 |
|
|a жилищные условия
|
| 610 |
1 |
|
|a обследование
|
| 610 |
1 |
|
|a сборники
|
| 686 |
|
|
|a С55.47
|2 rubbk
|
| 712 |
0 |
1 |
|a СССР
|b Государственный комитет по статистике (Госкомстат СССР)
|c (Москва)
|c (1987-1991)
|2 stltpush
|3 (RuTPU)RU\TPU\col\16086
|
| 801 |
|
1 |
|a RU
|b 63413507
|c 20111224
|
| 801 |
|
2 |
|a RU
|b 63413507
|c 20111226
|g RCR
|
| 942 |
|
|
|c BK
|